| 000 | 00600nam a22001457a 4500 | ||
|---|---|---|---|
| 020 | _a978-81-318-0946-4 | ||
| 082 |
_a823 _bWIL/C |
||
| 100 | _aWILDE, OSCAR | ||
| 245 | _aRHE CANTERVILLE GHOST | ||
| 260 |
_aDELHI _bLAXMI PUBLICATIONS |
||
| 300 | _a57 | ||
| 520 | _aIt is a humorous short story. It follows an American family moving into a haunted castle despite being warned about supernatural activities. An ancient castle of Canterville Chase is haunted by a terrifying ghost. The Otis family moves into the castle even though they are warned of the ghost. | ||
| 650 |
_aNOVEL _zINDIA |
||
| 942 | _cBK | ||
| 999 |
_c5052 _d5052 |
||